000 00493nam a2200181Ia 4500
999 _c32209
_d32209
003 OSt
005 20200724112128.0
008 190216s9999||||xx |||||||||||||| ||und||
020 _a8177640623
040 _coclc
082 _a515
_bNAN/R
100 _aNanda, S
_93729
245 0 _aReal Analysis /
_cS Nanda ; V P Saxena
260 _bAllied Publications,
_aNew Delhi:
_c2001.
300 _a271p
650 _aMathematics
942 _cBK
_2ddc
_h515
_iNAN/R
_k515
_mNAN/R